Física; catálogo 87/89 /

Guardado en:
Formato: Libro
Publicado: C¢rdoba : Ecyt, 1989
Etiquetas: Agregar Etiqueta
Sin Etiquetas, Sea el primero en etiquetar este registro!
LEADER 00360nam a22001335a 4500
001 CEM.cems007497
005 20060214000000.0
008 130507s1989##################000#0#####d
003 CEMS
082 0 4 |a 530.078 
245 0 0 |a Física; catálogo 87/89 / 
260 |a C¢rdoba :  |b Ecyt,  |c 1989 
300 |a 115 p.1 
859 |a CEMS  |b BIB. CEMS - 11 de abril  |h 530.078  |i Ec99  |p 17524.94  |t Ej.1